|
|
|
|
| LEADER |
00000nam a22000007a 4500 |
| 003 |
cru CIDCACS/IIS |
| 005 |
20240111133235.0 |
| 008 |
240111b |||||||| |||| 00| 0 spa d |
| 040 |
|
|
|c cru CIDCACS/IIS
|
| 090 |
|
|
|a REV1330
|
| 245 |
|
|
|a Cuadernos de Investigación /
|c Asociación para el Avance de las Ciencias Sociales en Guatemala
|
| 260 |
|
|
|a Guatemala :
|b AVANCSO
|
| 500 |
|
|
|a EXISTENCIAS: 1987 (1) 1988 (2-4) 1989 (5) 1991 (7) 1992 (8) 1993 (9)
|
| 500 |
|
|
|a Colección Centroamérica
|
| 650 |
|
0 |
|a GUERRA
|9 378
|2 TESAUROS
|
| 650 |
|
0 |
|a PAZ
|9 138
|2 TESAUROS
|
| 650 |
|
4 |
|a PROBLEMAS POLITICOS
|9 3217
|2 TESAUROS
|
| 650 |
|
4 |
|a PLANES DE PAZ
|9 3229
|2 TESAUROS
|
| 650 |
|
0 |
|a PROBLEMAS SOCIALES
|9 839
|2 TESAUROS
|
| 651 |
|
0 |
|a CENTROAMERICA
|9 308
|
| 942 |
|
|
|2 ddc
|c PP
|
| 999 |
|
|
|c 45445
|d 45445
|